=LDR 00000nam 2200000 4500 =001 INLIS000000000013476 =005 20130612104850 =008 ***********************************Ind** =035 ##$$0010-061300000013476 =041 ##$$a Ind =082 ##$$a 808.51 =090 ##$$a 808.51, Had t =100 ##$$a Hadinegoro, Huqman =245 ##$$a Teknik seni berpidato mutakhir, Huqman Hadinegpro =260 ##$$a 2003 $b Yogyakarta =300 ##$$a 432 hlm, 21 cm =650 ##$$a Pidato =850 ##$$a NBPNMAT